000 00626nam a2200205Ia 4500
999 _c41411
_d41411
003 GCL
005 20240530103641.0
008 140319s9999 xx 000 0 ara d
040 _aGCL /
_cGCL
082 0 4 _a792.0226
_bس م
100 1 _aالسيد حافظ
245 1 0 _aمسرح الطفل: دراسة فى مسرح السيد حافظ /
_cالسيد حافظ
260 _a[S.N] :
_bدار المطبوعات الجديدة
300 _a103 ص
650 0 4 _aالاطفال
650 0 4 _aحفلات الاطفال
700 1 _aحمدى الجابرى
700 1 _aسامى الباجورى
942 _2ddc
_cBK